Online Public Access Catalog -OPAC

Industrial brake and clutch design: (Record no. 23024)

MARC details
000 -LEADER
fixed length control field 00600nam a2200169Ia 4500
008 - FIXED-LENGTH DATA ELEMENTS--GENERAL INFORMATION
fixed length control field 1992xxkao er a 1 |engdd
020 ## - INTERNATIONAL STANDARD BOOK NUMBER
International Standard Book Number 727306030
040 ## - CATALOGING SOURCE
Original cataloging agency NG-ZaABU
050 ## - LIBRARY OF CONGRESS CALL NUMBER
Classification number TJ 1060
100 ## - MAIN ENTRY--PERSONAL NAME
Personal name Baker, Alan K.
245 #0 - TITLE STATEMENT
Title Industrial brake and clutch design:
Remainder of title A ferodo design manual. /
Statement of responsibility, etc. by Alan K. Baker
260 ## - PUBLICATION, DISTRIBUTION, ETC.
Place of publication, distribution, etc. London
Name of publisher, distributor, etc. Pentech Press
Date of publication, distribution, etc. 1992
300 ## - PHYSICAL DESCRIPTION
Extent vii, 111p.: ill.
500 ## - GENERAL NOTE
General note Includes index
650 ## - SUBJECT ADDED ENTRY--TOPICAL TERM
Topical term or geographic name entry element Mechanical engineering and machinery

No items available.

Customized by ICT Technical Service Unit on 29th Dec 2022

Kashim Ibrahim Library